The practice of biliary surgery (Record no. 6793)
[ view plain ]
| 000 -LEADER | |
|---|---|
| fixed length control field | 00841cam a2200301 4500 |
| 001 - CONTROL NUMBER | |
| control field | 3934571 |
| 005 - DATE AND TIME OF LATEST TRANSACTION | |
| control field | 20170822174943.0 |
| 008 - FIXED-LENGTH DATA ELEMENTS--GENERAL INFORMATION | |
| fixed length control field | 880715s1972 maua b 001 0 eng |
| 010 ## - LIBRARY OF CONGRESS CONTROL NUMBER | |
| LC control number | 70155036 |
| 020 ## - INTERNATIONAL STANDARD BOOK NUMBER | |
| International Standard Book Number | 0632005890 |
| 035 ## - SYSTEM CONTROL NUMBER | |
| System control number | (OCoLC)323645 |
| 035 ## - SYSTEM CONTROL NUMBER | |
| System control number | (OCoLC)ocm00323645 |
| 035 ## - SYSTEM CONTROL NUMBER | |
| System control number | (CStRLIN)NYCM88-B2637 |
| 035 ## - SYSTEM CONTROL NUMBER | |
| System control number | (NNC)3934571 |
| 040 ## - CATALOGING SOURCE | |
| Modifying agency | BSU |
| 050 1# - LIBRARY OF CONGRESS CALL NUMBER | |
| Classification number | RD546 |
| Item number | .K85 |
| 082 ## - DEWEY DECIMAL CLASSIFICATION NUMBER | |
| Classification number | 617.556 KUN |
| Edition number | 22 |
| 100 1# - MAIN ENTRY--PERSONAL NAME | |
| Personal name | Kune, Gabriel A. |
| 9 (RLIN) | 14670 |
| 245 10 - TITLE STATEMENT | |
| Title | The practice of biliary surgery |
| Statement of responsibility, etc | [by] Gabriel A. Kune. Foreword by Frank Glenn. |
| 250 ## - EDITION STATEMENT | |
| Edition statement | 2nd ed |
| 260 ## - PUBLICATION, DISTRIBUTION, ETC. (IMPRINT) | |
| Place of publication, distribution, etc | Boston, |
| Name of publisher, distributor, etc | Little, Brown |
| Date of publication, distribution, etc | 1980 |
| 300 ## - PHYSICAL DESCRIPTION | |
| Extent | xxii, 419 p. |
| Other physical details | illus. |
| Dimensions | 25 cm. |
| 504 ## - BIBLIOGRAPHY, ETC. NOTE | |
| Bibliography, etc | Includes bibliographies. |
| 650 #2 - SUBJECT ADDED ENTRY--TOPICAL TERM | |
| Topical term or geographic name as entry element | Biliary Tract Surgical Procedures. |
| 9 (RLIN) | 14671 |
| 658 ## - INDEX TERM--CURRICULUM OBJECTIVE | |
| Main curriculum objective | Medicine |
| 942 ## - ADDED ENTRY ELEMENTS (KOHA) | |
| Source of classification or shelving scheme | Dewey Decimal Classification |
| Item type | Books |
| Withdrawn status | Lost status | Source of classification or shelving scheme | Damaged status | Not for loan | Collection code | Home library | Current library | Shelving location | Date acquired | Source of acquisition | Total Checkouts | Full call number | Barcode | Date last seen | Copy number | Price effective from | Koha item type |
|---|---|---|---|---|---|---|---|---|---|---|---|---|---|---|---|---|---|
| Dewey Decimal Classification | Main Library | Main Library | 23/09/2011 | Donation | 617.556 KUN | 4778 | 23/09/2013 | 1 | 23/09/2013 | Books |